00557nam a2200181 a 4500008004100000020002300041100001600064245007800080250001200158260004500170300004300215504004100258500002000299650002900319003000100348005001700349040000900366  a0534931502 (cased)1 aOtt, Lyman.13aAn introduction to statistical methods and data analysis /cR. Lyman Ott. a4th ed. aBelmont, Calif. :bDuxbury Press,c1993. axviii, 1051, 132 p. :bill. ;c25 cm.  aIncludes bibliographical references. aIncludes index. 0aMathematical statistics.20230123133543.0 cNUST